|
|
|
|
| LEADER |
00602cam a2200157 7i4500 |
| 001 |
0000022102 |
| 005 |
20081215090000.0 |
| 020 |
0 |
0 |
|a 978-0-7876-9519-4
|
| 090 |
0 |
0 |
|a I 338.74025
|b BUS
|
| 245 |
0 |
0 |
|a Business rankings annual 2008 :
|b list of companies, products, services, and activities compiled from a variety of published source.
|
| 260 |
0 |
0 |
|a Detroit:
|b Thomson Gale,
|c 2008.
|
| 300 |
# |
# |
|a 959 p.
|
| 650 |
0 |
0 |
|a Business enterprises --
|x Directories
|
| 650 |
0 |
0 |
|a Corporations --
|x Directories
|
| 650 |
0 |
0 |
|a Business rankings --
|x Directories
|
| 999 |
|
|
|a B000023534
|b Directories
|c Countries
|e Business Information Centre
|